[Event "Rheinland Pfalz Seniors op 24th"]
[Site "Kaiserslautern"]
[Date "2005.07.24"]
[Round "1"]
[White "Jaeger, Erich"]
[Black "Seyfarth, Rudolf"]
[Result "1/2-1/2"]
[WhiteElo "1845"]
[BlackElo "1815"]
[PlyCount "49"]
[EventDate "2005.07.24"]
[EventType "swiss"]
[EventRounds "7"]
[EventCountry "GER"]
[SourceTitle "EXT 2007"]
[Source "ChessBase"]
[SourceDate "2006.11.23"]
[SourceVersion "1"]
[SourceVersionDate "2006.11.23"]
[SourceQuality "1"]

1. d4 Nf6 2. c4 e6 3. Nc3 Bb4 4. e3 b6 5. Bd3 Bb7 6. f3 0-0 7. Nge2 d5 8. cxd5 Nxd5 9. 0-0 Nd7 10. a3 Nxc3 11. Nxc3 Be7 12. b4 Rc8 13. Bb2 c5 14. bxc5 bxc5 15. d5 exd5 16. Nxd5 Bxd5 17. Bxh7+ Kxh7 18. Qxd5 Bf6 19. Rad1 Bxb2 20. Qf5+ Kg8 21. Rxd7 Qe8 22. Rfd1 Qxe3+ 23. Kh1 Rce8 24. Qb1 Bxa3 25. R7d3 1/2-1/2